<?xml version="1.0" encoding="UTF-8"?>
<record
    xmlns:xsi="http://www.w3.org/2001/XMLSchema-instance"
    xsi:schemaLocation="http://www.loc.gov/MARC21/slim http://www.loc.gov/standards/marcxml/schema/MARC21slim.xsd"
    xmlns="http://www.loc.gov/MARC21/slim">

  <leader>00935nam a22002417a 4500</leader>
  <datafield tag="999" ind1=" " ind2=" ">
    <subfield code="c">30905</subfield>
    <subfield code="d">30905</subfield>
  </datafield>
  <controlfield tag="005">20191126080941.0</controlfield>
  <controlfield tag="008">120426t        sp ||||| |||| 00| 0 spa d</controlfield>
  <datafield tag="020" ind1=" " ind2=" ">
    <subfield code="a">9788498014884</subfield>
  </datafield>
  <datafield tag="050" ind1="0" ind2="4">
    <subfield code="a">NA2700</subfield>
    <subfield code="b">D47 2010</subfield>
  </datafield>
  <datafield tag="100" ind1="1" ind2=" ">
    <subfield code="a">Dernie, David</subfield>
  </datafield>
  <datafield tag="240" ind1="1" ind2="0">
    <subfield code="a">Architectural drawing</subfield>
    <subfield code="l">espa&#xF1;ol</subfield>
  </datafield>
  <datafield tag="245" ind1="1" ind2="0">
    <subfield code="a">El dibujo en arquitectura</subfield>
    <subfield code="b"> : t&#xE9;cnicas, tipos, lugares</subfield>
    <subfield code="c"> / David Dernie ; traducci&#xF3;n Laura Molina Garc&#xED;a ; revisi&#xF3;n t&#xE9;cnica Josep M. Rovira Gimeno ; coordinaci&#xF3;n Cristina Rodr&#xED;guez Fischer</subfield>
  </datafield>
  <datafield tag="250" ind1=" " ind2=" ">
    <subfield code="a">1a ed.</subfield>
  </datafield>
  <datafield tag="260" ind1=" " ind2=" ">
    <subfield code="a">Barcelona, Espa&#xF1;a :</subfield>
    <subfield code="b">Art Blume,</subfield>
    <subfield code="c">2010</subfield>
  </datafield>
  <datafield tag="300" ind1=" " ind2=" ">
    <subfield code="a">208 p. :</subfield>
    <subfield code="b">il. ;</subfield>
    <subfield code="c">28 cm.</subfield>
  </datafield>
  <datafield tag="504" ind1=" " ind2=" ">
    <subfield code="a">Incluye bibliograf&#xED;a, glosario e &#xED;ndice</subfield>
  </datafield>
  <datafield tag="650" ind1=" " ind2="7">
    <subfield code="2">lemb</subfield>
    <subfield code="a">Arquitectura</subfield>
    <subfield code="x">Dibujo</subfield>
  </datafield>
  <datafield tag="650" ind1=" " ind2="7">
    <subfield code="2">lemb</subfield>
    <subfield code="a">Dise&#xF1;o arquitect&#xF3;nico</subfield>
  </datafield>
  <datafield tag="700" ind1="1" ind2=" ">
    <subfield code="a">Molina Garc&#xED;a, Laura,</subfield>
    <subfield code="e">traductor</subfield>
  </datafield>
  <datafield tag="700" ind1="1" ind2=" ">
    <subfield code="a">Rovira Gimeno, Josep M., </subfield>
    <subfield code="e">revisor</subfield>
  </datafield>
  <datafield tag="700" ind1="1" ind2=" ">
    <subfield code="a">Rodr&#xED;guez Fischer, Cristina,</subfield>
    <subfield code="e">coordinador</subfield>
  </datafield>
  <datafield tag="942" ind1=" " ind2=" ">
    <subfield code="2">lcc</subfield>
    <subfield code="c">LIB</subfield>
  </datafield>
  <datafield tag="952" ind1=" " ind2=" ">
    <subfield code="1">0</subfield>
    <subfield code="2">lcc</subfield>
    <subfield code="4">0</subfield>
    <subfield code="7">0</subfield>
    <subfield code="a">LIC-018</subfield>
    <subfield code="b">LIC-018</subfield>
    <subfield code="c">GENERAL</subfield>
    <subfield code="d">2012-04-26</subfield>
    <subfield code="e">Recursos propios escuela</subfield>
    <subfield code="k">Ingenier&#xED;a y tecnolog&#xED;a</subfield>
    <subfield code="o">NA2700 D47 2010</subfield>
    <subfield code="p">BFA000000114</subfield>
    <subfield code="r">2012-04-26 00:00:00</subfield>
    <subfield code="t">1</subfield>
    <subfield code="y">LIB</subfield>
  </datafield>
  <datafield tag="952" ind1=" " ind2=" ">
    <subfield code="1">0</subfield>
    <subfield code="2">lcc</subfield>
    <subfield code="4">0</subfield>
    <subfield code="7">0</subfield>
    <subfield code="a">LIC-018</subfield>
    <subfield code="b">LIC-018</subfield>
    <subfield code="c">GENERAL</subfield>
    <subfield code="d">2013-08-12</subfield>
    <subfield code="e">Rec. prop. esc.</subfield>
    <subfield code="k">Ingenier&#xED;a y tecnolog&#xED;a</subfield>
    <subfield code="o">NA2700 D47 2010</subfield>
    <subfield code="p">BFA000000138</subfield>
    <subfield code="r">2015-01-16 00:00:00</subfield>
    <subfield code="t">2</subfield>
    <subfield code="y">LIB</subfield>
  </datafield>
  <datafield tag="952" ind1=" " ind2=" ">
    <subfield code="1">0</subfield>
    <subfield code="2">lcc</subfield>
    <subfield code="4">0</subfield>
    <subfield code="7">0</subfield>
    <subfield code="a">UCIH</subfield>
    <subfield code="b">UCIH</subfield>
    <subfield code="c">GENERAL</subfield>
    <subfield code="d">2019-11-26</subfield>
    <subfield code="e">DGB-GENERICO</subfield>
    <subfield code="f">1a ed.</subfield>
    <subfield code="k">EH</subfield>
    <subfield code="o">NA2700 D47 2010</subfield>
    <subfield code="p">BCU000009989</subfield>
    <subfield code="r">2019-11-26 00:00:00</subfield>
    <subfield code="t">1</subfield>
    <subfield code="v">508.00</subfield>
    <subfield code="y">LIB</subfield>
  </datafield>
  <datafield tag="952" ind1=" " ind2=" ">
    <subfield code="1">0</subfield>
    <subfield code="2">lcc</subfield>
    <subfield code="4">0</subfield>
    <subfield code="7">0</subfield>
    <subfield code="a">UCIH</subfield>
    <subfield code="b">UCIH</subfield>
    <subfield code="c">GENERAL</subfield>
    <subfield code="d">2019-11-26</subfield>
    <subfield code="e">DGB-GENERICO</subfield>
    <subfield code="f">1a ed.</subfield>
    <subfield code="k">EH</subfield>
    <subfield code="o">NA2700 D47 2010</subfield>
    <subfield code="p">BCU000009990</subfield>
    <subfield code="r">2019-11-26 00:00:00</subfield>
    <subfield code="t">2</subfield>
    <subfield code="v">508.00</subfield>
    <subfield code="y">LIB</subfield>
  </datafield>
  <datafield tag="952" ind1=" " ind2=" ">
    <subfield code="1">0</subfield>
    <subfield code="2">lcc</subfield>
    <subfield code="4">0</subfield>
    <subfield code="7">0</subfield>
    <subfield code="a">UCIH</subfield>
    <subfield code="b">UCIH</subfield>
    <subfield code="c">GENERAL</subfield>
    <subfield code="d">2019-11-26</subfield>
    <subfield code="e">DGB-GENERICO</subfield>
    <subfield code="f">1a ed.</subfield>
    <subfield code="k">EH</subfield>
    <subfield code="o">NA2700 D47 2010</subfield>
    <subfield code="p">BCU000009991</subfield>
    <subfield code="r">2019-11-26 00:00:00</subfield>
    <subfield code="t">3</subfield>
    <subfield code="v">508.00</subfield>
    <subfield code="y">LIB</subfield>
  </datafield>
</record>
